000 00912nas a2200289 4500
001 BR2011005215
003 BR-BrBNA
005 20231205115605.0
007 ta
008 230509b bl.|||p| |||| 00| 00por d
040 _aBR-BrBNA
_bpor
_cBiblioteca Nacional de Agricultura
041 _a(Pt)
072 _aF30
100 1 _aFarias Neto, J.T. de
100 1 _aResende, M.D.V. de
100 1 _aOliveira, M. do S.P. de
245 1 _aSeleção simultânea em progênies de açaizeiro irrigado para produção e peso do fruto
650 _aAÇAÍ
650 _aPARÂMETRO GENÉTICO
650 _aPROGÊNIE
650 _aMELHORAMENTO GENÉTICO VEGETAL
650 _aSELEÇÃO
650 _aPRODUTIVIDADE
773 0 _tRevista Brasileira de Fruticultura (Brazil)
_xISSN 0100 2945
_g(Jun 2011), v. 33(2) p. 532-539
_wBR2011005215
909 _a202311
_bLúcia
_c55
_dLúcia Elande
942 _2AGRIS
_n0
_cANA
999 _c214651
_d214651